Statistics for Word Chain - Marvel Comics / Studios

Click here to take the quiz!

General Stats

  • This quiz has been taken 1,269 times
    (1,213 since last reset)
  • The average score is 12 of 19

Answer Stats

HintAnswer% Correct
Friendly neighbourhood web slingerSpider-Man
99%
Superhero team with a 2012 film of the same nameAvengers
96%
A god; adopted son of OdinLoki
95%
A god; son of OdinThor
92%
A Titan after the Infinity StonesThanos
84%
One of the Nine Worlds; a city of godsAsgard
79%
Extraterrestrial, sentient tree-like creatureGroot
79%
Blue faced Guardian of the GalaxyNebula
75%
Subtitle for the biggest movie at the Box OfficeEndgame
72%
Antihero "Merc with a Mouth"Deadpool
68%
Surname of the "mightiest magician in the cosmos"Strange
62%
First name of Quicksilver's twinScarlet
58%
Doomsday event of #4; Subtitle of an MCU filmRagnarok
52%
Violent love-interest of DaredevilElektra
47%
Race of superhumans with their own TV showInhumans
42%
Archenemy of the Fantastic 4Doom
39%
A certain Kronan featured in 'Planet Hulk'Korg
32%
Superheroine with Psychic Empathy powersMantis
32%
Half Human interplanetary policemanStar-Lord
30%

Score Distribution

Percentile by Number Answered

Percent of People with Each Score

Your Score History

You have not taken this quiz since the last reset